[Event "Hofheim Spring op-C 2nd"]
[Site "Hofheim"]
[Date "2014.04.24"]
[Round "3"]
[White "Gerlach, Manuel"]
[Black "Pavlidis, Alexandros"]
[Result "1-0"]
[WhiteElo "1237"]
[BlackElo "1138"]
[PlyCount "57"]
[EventDate "2014.04.23"]
[EventType "swiss"]
[EventRounds "7"]
[EventCountry "GER"]
[SourceTitle "CBM 160 Extra"]
[Source "ChessBase"]
[SourceDate "2014.07.01"]
[SourceVersion "1"]
[SourceVersionDate "2014.07.01"]
[SourceQuality "1"]

1. e4 e5 2. Nf3 Nc6 3. Bc4 Bc5 4. Nc3 d6 5. h3 Be6 6. Bb3 Bxb3 7. axb3 a6 8. d3 Nge7 9. 0-0 0-0 10. Ne2 h6 11. Ng3 f5 12. Nh4 fxe4 13. dxe4 Nc8 14. Qg4 Qf6 15. Nh5 Qe7 16. Ng6 Qf7 17. Nxf8 Qxf8 18. Bxh6 Kf7 19. Nxg7 Qe7 20. Qh5+ Kg8 21. Nf5 Qf7 22. Qg5+ Kh7 23. Qh4 Qg6 24. Rad1 Nd4 25. Be3+ Kg8 26. Bxd4 exd4 27. Rd3 Kf7 28. Rf3 Ke8 29. Rg3 1-0

[Event "Hessen-ch U12"]
[Site "Bad Homburg"]
[Date "2013.??.??"]
[Round "2"]
[White "Pavlidis, Alexandros"]
[Black "Flach, Helene"]
[Result "0-1"]
[WhiteElo "929"]
[BlackElo "1148"]
[PlyCount "32"]
[EventDate "2013.03.??"]
[EventType "swiss"]
[EventRounds "9"]
[EventCountry "GER"]
[SourceTitle "EXT 2014"]
[Source "ChessBase"]
[SourceDate "2013.11.20"]
[SourceVersion "1"]
[SourceVersionDate "2013.11.20"]
[SourceQuality "1"]

1. e4 e5 2. Nf3 Nc6 3. Bc4 Bc5 4. b4 Bxb4 5. c3 Ba5 6. d4 exd4 7. 0-0 d6 8. Qb3 Qe7 9. Ng5 Ne5 10. cxd4 Nxc4 11. Qxc4 Bb6 12. Re1 Be6 13. d5 Qf6 14. e5 Qxf2+ 15. Kh1 Qxe1+ 16. Qf1 Qxf1# 0-1

[Event "Hessen-ch U12"]
[Site "Bad Homburg"]
[Date "2013.??.??"]
[Round "8"]
[White "Pavlidis, Alexandros"]
[Black "Scherer, Sarah"]
[Result "1-0"]
[WhiteElo "929"]
[BlackElo "1118"]
[PlyCount "117"]
[EventDate "2013.03.??"]
[EventType "swiss"]
[EventRounds "9"]
[EventCountry "GER"]
[SourceTitle "EXT 2014"]
[Source "ChessBase"]
[SourceDate "2013.11.20"]
[SourceVersion "1"]
[SourceVersionDate "2013.11.20"]
[SourceQuality "1"]

1. e4 c5 2. d4 cxd4 3. c3 dxc3 4. Nxc3 Nc6 5. Nf3 Nf6 6. Bc4 g6 7. Bf4 Bg7 8. 0-0 0-0 9. Rc1 d6 10. e5 dxe5 11. Nxe5 Nxe5 12. Bxe5 b6 13. Qc2 Qd7 14. Rfd1 Qg4 15. Be2 Qg5 16. Bf3 Bf5 17. Qd2 Qxd2 18. Rxd2 Rad8 19. Rcd1 Rxd2 20. Rxd2 Rc8 21. g3 Rc5 22. Bb8 Bg4 23. Bg2 a6 24. Ba7 Bh6 25. Rd8+ Kg7 26. Bxb6 Re5 27. h3 Be6 28. b3 Bd2 29. Rxd2 Re1+ 30. Kh2 Rc1 31. Na4 Rc8 32. Nc5 Rb8 33. Nxe6+ fxe6 34. Bd4 Kf7 35. Bb2 Rb5 36. Bf1 Ra5 37. Bc3 Rc5 38. Bc4 Ne4 39. Rc2 a5 40. Bd4 Rc7 41. Bxe6+ Kxe6 42. Rxc7 Kd6 43. Ra7 Kd5 44. Be3 a4 45. Rxa4 Nc3 46. Ra5+ Ke4 47. b4 Nd5 48. b5 Kd3 49. b6 Nf6 50. b7 Nd7 51. Rd5+ Ke4 52. Rxd7 h5 53. Rxe7+ Kf3 54. b8Q g5 55. Rf7+ Ke2 56. Qb2+ Kd3 57. Qd4+ Ke2 58. Qd2+ Kf1 59. Qd1# 1-0

[Event "Hessen-ch U12"]
[Site "Bad Homburg"]
[Date "2012.??.??"]
[Round "9"]
[White "Maurer, Eric"]
[Black "Pavlidis, Alexandros"]
[Result "1/2-1/2"]
[WhiteElo "851"]
[BlackElo "797"]
[PlyCount "61"]
[EventDate "2012.04.??"]
[EventType "swiss"]
[EventRounds "9"]
[EventCountry "GER"]
[SourceTitle "EXT 2015"]
[Source "ChessBase"]
[SourceDate "2014.11.20"]
[SourceVersion "1"]
[SourceVersionDate "2014.11.20"]
[SourceQuality "1"]

1. b3 e5 2. Bb2 Nc6 3. g3 d5 4. Bg2 Nf6 5. e3 Bf5 6. d3 Be6 7. a3 Bf5 8. Ne2 Bc5 9. 0-0 d4 10. e4 Bg4 11. Nd2 b5 12. Nf3 h6 13. Rc1 Qd7 14. Qd2 Bh3 15. Bxh3 Qxh3 16. Kh1 Ng4 17. Neg1 Qh5 18. Qe2 Be7 19. Ra1 a5 20. Bc1 Bg5 21. Bxg5 hxg5 22. h4 gxh4 23. gxh4 Nd8 24. Nh3 Ne6 25. Kg2 Nf4+ 26. Nxf4 exf4 27. Rh1 Ne5 28. Rae1 Nxf3 29. Qxf3 Qg6+ 30. Kf1 Kf8 31. Qxf4 1/2-1/2

[Event "Hessen-ch U12"]
[Site "Bad Homburg"]
[Date "2012.??.??"]
[Round "7"]
[White "Tampe, Friederike"]
[Black "Pavlidis, Alexandros"]
[Result "0-1"]
[WhiteElo "890"]
[BlackElo "797"]
[PlyCount "108"]
[EventDate "2012.04.??"]
[EventType "swiss"]
[EventRounds "9"]
[EventCountry "GER"]
[SourceTitle "EXT 2015"]
[Source "ChessBase"]
[SourceDate "2014.11.20"]
[SourceVersion "1"]
[SourceVersionDate "2014.11.20"]
[SourceQuality "1"]

1. e4 e5 2. Nf3 Nc6 3. Bc4 Bc5 4. d3 d6 5. c3 Nf6 6. Be3 Ng4 7. Bxc5 dxc5 8. Nbd2 Na5 9. Nf1 Nxc4 10. dxc4 Qxd1+ 11. Rxd1 f6 12. b4 Be6 13. h3 Nh6 14. Ne3 b6 15. 0-0 Nf7 16. Nh4 Nd6 17. bxc5 Nxc4 18. Nxc4 Bxc4 19. Rfe1 bxc5 20. a3 Bb3 21. Rb1 c4 22. Nf5 0-0 23. Ne7+ Kh8 24. Nc6 a5 25. Ne7 a4 26. Nd5 Ra7 27. f3 h6 28. Ne7 Kh7 29. Nf5 g6 30. Ne3 c6 31. Re2 Rd8 32. Rf2 h5 33. f4 Rdd7 34. fxe5 fxe5 35. Rf6 Rac7 36. Rf2 Rf7 37. Rxf7+ Rxf7 38. Rb2 Rf4 39. Nf1 Rxe4 40. Ng3 Re3 41. Kf2 Rxc3 42. Ne4 Rc2+ 43. Rxc2 Bxc2 44. Nc5 Kh6 45. Ke3 Kg5 46. Kf3 Kf5 47. Ke3 e4 48. Kd2 Bb3 49. Ke3 c3 50. g3 c2 51. Kd2 Ke5 52. Nxb3 axb3 53. a4 Kd5 54. Kc1 Kc5 0-1